000 00655nam a2200181Ia 4500
008 090124s9999 xx 000 0 und d
082 _b34604
100 _aकुळकर्णी विनायक
245 _a बँक कुणासाठी-कशासाठी
250 _a1
260 _bसमृद्ध प्रकाशन
_c1997
300 _a62
600 _aकुळकर्णी विनायक
630 _a बँक कुणासाठी-कशासाठी
700 _aकुळकर्णी विनायक
730 _a बँक कुणासाठी-कशासाठी
942 _cBOOK
999 _c100536
_d100536